Регионална библиотека "Любен Каравелов" - Русе

Да имитираш съвършенство (Запис номер 177939)

MARC детайли
000 -Лидер
Контролно поле с фиксирана дължина 01636nam a2200397 c 4500
003 - Код на организацията, давaща контролен номер
Контролно поле BLK
005 - Дата и час на последна редакция
Контролно поле 20241106130205.0
008 - Елементи от данни с фиксирана дължина
fixed length control field 180411b bul|||||r ||||||| ||bul||
010 ## - Наследен системен номер
LC control number KNG00186636000
020 ## - Международен стандартен номер на книга ISBN
Международен стандартен номер на книга ISBN 9789546605962
040 ## - Източник на каталожния запис
Идентификатор на билиотеката - собственик на записа BLK
041 ## - Код за език
Код за езика на текст/звукозапис или на отделно заглавие Български
Код за езика КДБФ Български
072 #7 - Код за тематичната категория
Код организация bullib
Код за тематична категория Н83
Текст Чужда художествена литература Н
080 ## - УДК
Текстов определител УДК Англоканадска литература
УДК код - определител по УДК 821.111(71)
УДК определител -31
УДК - код + определител 821.111(71)-31
100 1# - Редна дума - Автор
Автор Филипс, Ребека
Авторска отговорност първи автор
R(LIN) 341205
139 ## - Редно поле
Редна дума Филипс, Ребека
Авторски знак Фили - Ф 50
245 10 - Сведения за заглавието
Заглавие Да имитираш съвършенство
Подзаглавни данни Роман
Редно поле (дума) Ребека Филипс; прев. от англ. Яна Грозева; * Яна Радостинова Маркова.
257 ## - Страна на издаване
Страна на създаване/издаване Канада
260 ## - Област на издателските данни
Име на издателя, разпространителя и проч. ПАН
Година на издаване 2015
Място на издаване, разпространение и проч. София
300 ## - Физическа характеристика
Страници 301 с.
Размери/Мащаб 20 см
380 ## - Жанр
Жанр Худож. лит.
490 ## - СЕРИИ (Колекции)
Име на серия Мега исТИЙНско
9 (RLIN) 208410
500 ## - Общи забележки
Забележка Ориг. загл. Faking Perfect / Rebecca Phillips. - Възприета форма на името на прев. е Яна Радостинова Маркова.
653 ## - Ключова дума – ненормативна
Ключова дума романи
659 ## - Тематичен бюлетин
Тематичен бюлетин Н
700 ## - Други автори (авторска отговорност)
Лично име Маркова, Яна Радостинова
Дати, свързани с автора 1981-
Друга информация Грозева, Яна Радостинова, 1981- (име преди брака)
9 (RLIN) 383745
852 ## - Местоположение
Форматна сигнатура Цб 279625
856 4# - Електронен адрес и достъп
Електронен формат pdf - файл
856 4# - Електронен адрес и достъп
Електронен формат pdf - файл
942 ## - АРТИКУЛИ
Вид на библиотечния материал Книги
Скрит в OPAC Не
Koha issues (borrowed), all copies 16
Периодичен библиозапис Да
944 ## - СЪЗДАВАНЕ И РЕДАКЦИЯ на ЗАПИСА
Създаване/Редакция Създаване
Дата на регистрацията/редакция 19.02.2016
Статус, дата на статуса Севдалина Тодорова
Служител, извършил регистрацията/редакцията 30540
944 ## - СЪЗДАВАНЕ И РЕДАКЦИЯ на ЗАПИСА
Създаване/Редакция Редакция
Дата на регистрацията/редакция 29.02.2016
Статус, дата на статуса ф /
Служител, извършил регистрацията/редакцията Людмила_Стоянова
999 ## - СИСТЕМНИ КОНТРОЛНИ НОМЕРА
Koha biblionumber 177939
Koha biblioitemnumber 177939
999 ## - СИСТЕМНИ КОНТРОЛНИ НОМЕРА
Koha biblioitemnumber 177939
999 ## - СИСТЕМНИ КОНТРОЛНИ НОМЕРА
Koha biblioitemnumber 177939
999 ## - СИСТЕМНИ КОНТРОЛНИ НОМЕРА
Koha biblioitemnumber 177939
Наличности
Код за отписване Код за изгубен артикул Източник на класификационната схема Код за повреда Коз за рестрикции Код за отдаване Артикулен № Име на библиотеката - собственик Име на библиотеката, в която се намира в момента Статус (Текущо местоположение) Дата на вписване в системата Местоположение - отдел Цена в лева Инвентарен номер Систематично азбучна сигнатура Баркод Номер на екземпляра Цена в евро Служебна бележка Служебен тип на артикула
  Не е изгубен Universal Decimal Classification Не е повреден без рестрикции заемане за дома 305727 Регионална библиотека "Любен Каравелов" Русе Регионална библиотека "Любен Каравелов" Русе Заемна - подръчен фонд 2016-02-19 Заемна - подръчен фонд 13.90 120000798061 П 821-31/Ф 50 120000798061 1 7.11 Дост: Pk Вид: Ф N: 456 Дата: 19.02.2016 Дата инв: 14.02.2018 Бележки инв: П2018 Книги
  Не е изгубен Universal Decimal Classification Не е повреден   ползва се в читалня 754687 Регионална библиотека "Любен Каравелов" Русе Регионална библиотека "Любен Каравелов" Русе Хранилище 2020-01-24 Хранилище 13.90   Цб 297778 120000841752   7.11   Книги
  Не е изгубен Universal Decimal Classification Не е повреден без рестрикции заемане за дома 800590 Регионална библиотека "Любен Каравелов" Русе Регионална библиотека "Любен Каравелов" Русе Заемна - подръчен фонд 2020-09-26 Заемна - подръчен фонд 9.45   821-31/Ф 50 Р 120000847756   4.83   Книги
Vip Innovations Ltd, Rousse, Bulgaria 2025